Planning global information infrastructure

Saved in:
書目詳細資料
主要作者: Ching-Chih, Chen (Author)
格式: 圖書
語言:英语
出版: Nueva York Ablex 1995
主題:
標簽: 添加標簽
沒有標簽, 成為第一個標記此記錄!

MARC

LEADER 00000nam a2200000 a 4500
001 UCS8061
003 CL-VaPUC
005 20240826155008.0
008 971028e19950000us 1 eng d
020 |a 0567502008 
082 0 4 |a 020.6  |b CHI  |2 21 
100 1 |a Ching-Chih, Chen  |e author  |9 621780 
245 1 0 |a Planning global information infrastructure 
260 |a Nueva York  |b Ablex  |c 1995 
300 |a 547 p 
583 |a last modification  |c 20190908 07:48:28  |k Rodrigo Vera 
650 0 7 |a CIENCIAS DE LA INFORMACION  |2 CL-VaPUC  |9 255964 
650 0 0 |a Sistemas de información   |9 260286 
650 0 0 |a Transferencia de información   |9 335933 
650 0 0 |a Estrategias de comunicación  |9 370095 
650 0 0 |a Bibliotecas  |9 334508 
650 0 0 |a Fuentes de información   |9 337538 
650 0 7 |a PONENCIAS  |2 CL-VaPUC  |9 617971 
650 0 0 |a Congresos  |9 257560 
942 |c BK 
945 |a rleighto  |d 19971028 00:00:00 
546 |a En Inglés 
536 |a NCLIS 
518 |p International Telecommunications Union, 1, Buenos Aires, 21 de marzo de 1994 
999 |c 384621  |d 384619 
952 |0 0  |1 0  |4 0  |6 020_600000000000000_CHI_1995  |7 0  |8 ED_SUP  |9 507467  |a BIBGIM  |b BIBGIM  |c S_PSTGRDO  |d 2020-01-23  |i 3220575  |o 020.6 CHI 1995  |p 3220575  |r 2025-01-15  |w 2020-01-23  |y BK_X  |k ESU